Statistiques concernant Pays avec le plus de victoires militaires

Cliquez ici pour prendre le quiz!

Statistiques générales

  • Ce quiz a été pris 2 118 fois
  • Le résultat moyen est 18 sur 28

Statistiques - réponses

Nombre de victoiresPays% Correct
1115France
100%
1105Royaume-Uni
95%
833Etats-Unis
94%
491Russie / URSS
94%
560Allemagne / Prusse
93%
244Chine
90%
387Espagne
90%
132Italie
88%
183Japon
85%
110Portugal
78%
210Turquie / Empire ottoman
74%
82Canada
69%
93Inde / Empire moghol
69%
344Pologne
68%
209Autriche
63%
89Grèce
63%
165Suède
61%
78Corée
59%
137Australie
54%
76Egypte
54%
102Iran / Empire perse
54%
92Mongolie
53%
114Pays-Bas
51%
79Danemark
45%
259Rome
25%
107Empire byzantin
4%
108Califat musulman
2%
128Etats confédérés d'Amérique
1%

Distribution des résultats

Percentile par nombre de réponses

% des personnes avec chaque résultat

Votre développement - résultats

Vous n’avez pas pris ce quiz